000 00449nam a2200145Ia 4500
008 090122s9999 xx 000 0 und d
082 _b10627
100 _aपरचुरे
_bश्री
_cदि
245 _aनाटककार सावरकर
600 _aपरचुरे
630 _aनाटककार सावरकर
700 _aपरचुरे
730 _aनाटककार सावरकर
942 _cBOOK
999 _c34704
_d34704